00713nam a22001937a 4500003000200000005001700002008004100019020002200060050002200082100001700104245016300121260003100284300002900315504005200344650002900396650003000425650002300455650004100478020241226143108.0241226b xxu||||| |||| 00| 0 eng d a978-1-032-35414-9 aLB3430b.P55 2024 aPhilo, Sarah aEffective learning and mental wellbeingbimproving the mental health and trauma-resilience of learners in a trauma-impacted worldcSarah Philo and John Senior aNew YorkbRoutledgecc2024 axvi, 287 pages ;c24cm.  aIncludes bibliographical references and index.  aStudent--mental health.  aLearning, psychology of.  aCognitive theory.  aCOVID-19 pandemic, 2020--influence.